| 000 | 01378cam a22003015a 4500 | ||
|---|---|---|---|
| 001 | ssj0001561858 | ||
| 003 | OSt | ||
| 005 | 20161020115542.0 | ||
| 008 | 150611t2015 njua fr 001 0 eng d | ||
| 020 | _a9781118853566 | ||
| 040 |
_aCaPaEBR _beng _epn _cCaPaEBR _dWaSeSS _dEG-ScBUE |
||
| 082 | 0 | 4 |
_a658.15224 _222 _bFRE |
| 100 | 1 | _aFreedman, David M. | |
| 245 | 1 | 0 |
_aEquity crowdfunding for investors : _ba guide to risks, returns, regulations, funding portals, due diligence, and deal terms / _cDavid M. Freedman and Matthew R. Nutting. |
| 260 |
_aHoboken : _bJohn Wiley & Sons, _cc.2015. |
||
| 300 |
_axxix, 273 p. : _bill. ; _c24 cm. |
||
| 490 | 0 | _aWiley Finance Series. | |
| 500 | _aIndex : p. 261-273. | ||
| 506 | _aAvailable on campus and off campus with authorized login. | ||
| 590 | _aElectronic reproduction. Palo Alto, Calif. : ebrary, 2015. Available via World Wide Web. Access may be limited to ebrary affiliated libraries. | ||
| 650 | 0 |
_aCrowd funding. _2BUEsh |
|
| 651 | _2BUEsh | ||
| 653 |
_bBUSADM _cOctober2016 |
||
| 700 | 1 | _aNutting, Matthew R. | |
| 776 | 0 | 8 |
_iPrint version: _aFreedman, David M. _tEquity crowdfunding for investors : a guide to risks, returns, regulations, funding portals, due diligence, and deal terms. _dHoboken, New Jersey : Wiley, c2015 _hxxix, 273 pages _kWiley finance series. _z9781118853566 |
| 797 | 2 | _aebrary. | |
| 942 | _2ddc | ||
| 999 |
_c22740 _d22712 |
||